| 000 | 00352nam a22001457a 4500 | ||
|---|---|---|---|
| 005 | 20240215032052.0 | ||
| 008 | 240215b |||||||| |||| 00| 0 eng d | ||
| 082 |
_222 _a307.76. _bVIC. |
||
| 100 | _aBriggs, Asa., | ||
| 245 | _aVictorian Cities., | ||
| 260 |
_aNew Zealand : _bOdhams press / _c1963 |
||
| 300 | _a411, p., | ||
| 650 | _aSociety. | ||
| 942 | _cL | ||
| 999 |
_c399 _d399 |
||